[Event "33rd Leon Blitz Open 2020"]
[Site "chess.com INT"]
[Date "2020.07.14"]
[Round "3"]
[White "Lauridsen, Jesper Morch"]
[Black "Nitin, S."]
[Result "0-1"]
[WhiteTitle "FM"]
[BlackTitle "IM"]
[WhiteElo "2225"]
[BlackElo "2381"]
[WhiteFideId "1401890"]
[BlackFideId "5018277"]
[EventDate "2020.07.14"]
[EventType "blitz"]

1. e4 c5 2. d4 cxd4 3. c3 d3 4. Bxd3 d6 5. c4 Nf6 6. Nc3 e6 7. Nf3 Be7 8. O-O
O-O 9. b3 a6 10. Bb2 Nbd7 11. Rc1 b6 12. Bb1 Bb7 13. Qe2 Qc7 14. Rfd1 Rfe8 15.
Nd4 Rac8 16. Rd3 Ne5 17. Rh3 Ng6 18. Qd2 Qb8 19. Nd5 exd5 20. exd5 Bf8 21. Nf5
Nd7 22. Bxg7 Bxg7 23. Nxg7 Kxg7 24. Qh6+ Kf6 25. Bxg6 hxg6 26. Rf3+ Ke7 27. Qh4+
f6 28. Re1+ Kd8 29. Rxe8+ Kxe8 30. Qh8+ Ke7 31. Re3+ Ne5 32. Qg7+ Kd8 33. Qf8+
Kc7 34. Qg7+ Nd7 35. Re7 Rd8 36. Qxf6 Qc8 37. Qxg6 Kb8 38. Qxd6+ Ka7 39. h4 Nc5
40. Qf6 Rf8 41. Qg7 Qf5 42. Qg3 Ne4 43. Rxe4 Qxe4 44. c5 bxc5 0-1

[Event "33rd Leon Blitz Open 2020"]
[Site "chess.com INT"]
[Date "2020.07.14"]
[Round "3"]
[White "Pesotskiy, Mikhail"]
[Black "Murzin, Volodar"]
[Result "1-0"]
[WhiteTitle "FM"]
[BlackTitle "IM"]
[WhiteElo "2245"]
[BlackElo "2465"]
[WhiteFideId "34164453"]
[BlackFideId "44155573"]
[EventDate "2020.07.14"]
[EventType "blitz"]

1. d4 Nf6 2. c4 g6 3. Nc3 Bg7 4. e4 O-O 5. Be3 d6 6. f3 e5 7. d5 a5 8. Qd2 Na6
9. Bd3 Nc5 10. Bc2 a4 11. g4 Bd7 12. Nge2 c6 13. O-O-O cxd5 14. Nxd5 Bc6 15.
Nec3 Nxd5 16. Nxd5 a3 17. b3 Ne6 18. Bd3 Nd4 19. Bxd4 exd4 20. h4 h6 21. f4 Re8
22. g5 h5 23. f5 Bxd5 24. exd5 gxf5 25. Rde1 Qb6 26. Rhf1 Re3 27. Rxf5 Qc5 28.
Ref1 b5 29. Rxf7 bxc4 30. Bxc4 Rc3+ 31. Kd1 Rb8 32. Qf2 Be5 33. Qf5 1-0

[Event "33rd Leon Blitz Open 2020"]
[Site "chess.com INT"]
[Date "2020.07.14"]
[Round "3"]
[White "Rottenwohrer Suarez, Juan"]
[Black "Parnali, S Dharia"]
[Result "1-0"]
[WhiteTitle "CM"]
[BlackTitle "WIM"]
[WhiteElo "2197"]
[BlackElo "2243"]
[WhiteFideId "32068182"]
[BlackFideId "5043131"]
[EventDate "2020.07.14"]
[EventType "blitz"]

1. Nf3 d5 2. b3 c5 3. Bb2 Nc6 4. e3 Bg4 5. Bb5 e6 6. h3 Bh5 7. O-O Nf6 8. d4 Bd6
9. Nbd2 cxd4 10. exd4 g5 11. Be2 Rg8 12. Ne5 Bxe2 13. Qxe2 Qc7 14. c4 O-O-O 15.
Nxc6 bxc6 16. c5 Bh2+ 17. Kh1 g4 18. h4 Bf4 19. g3 Bxg3 20. fxg3 Nh5 21. Qe5
Nxg3+ 22. Kg2 Nxf1 23. Rxf1 Qe7 24. b4 Qxh4 25. Rxf7 Qh3+ 26. Kg1 Rd7 27. Rxd7
Kxd7 28. Qd6+ Ke8 29. Qxe6+ Kf8 30. Qf6+ Ke8 31. Qxc6+ Kf8 32. Qd6+ Ke8 33. Qe5+
Kf8 34. Qf5+ Ke7 35. Nf1 Rf8 36. Qe5+ Kf7 37. Qxd5+ Kg6 38. Qe4+ Kg5 39. Qe3+
Kh4 40. Qh6# 1-0

[Event "33rd Leon Blitz Open 2020"]
[Site "chess.com INT"]
[Date "2020.07.14"]
[Round "3"]
[White "Keosidi, Konstantin"]
[Black "Vaibhav, Suri"]
[Result "1-0"]
[WhiteTitle "FM"]
[BlackTitle "GM"]
[WhiteElo "2404"]
[BlackElo "2600"]
[WhiteFideId "4175247"]
[BlackFideId "5045185"]
[EventDate "2020.07.14"]
[EventType "blitz"]

1. e4 c6 2. d4 d5 3. exd5 cxd5 4. c4 Nf6 5. Nc3 e6 6. c5 b6 7. b4 a5 8. Na4 Nfd7
9. Bb5 bxc5 10. bxc5 Ba6 11. Qe2 Be7 12. Nf3 O-O 13. O-O Qc7 14. Rb1 Bxb5 15.
Qxb5 Nc6 16. Qb7 Qxb7 17. Rxb7 Rfd8 18. Be3 Rab8 19. Rfb1 Rxb7 20. Rxb7 Rb8 21.
Rxb8+ Ndxb8 22. Kf1 Bf6 23. Ke2 Nb4 24. Nc3 N8c6 25. Kd2 Kf8 26. a3 Na6 27. Nb5
Ke7 28. Kd3 h5 29. h3 g6 30. g4 hxg4 31. hxg4 Bg7 32. Bf4 f5 33. Bd6+ Kd7 34.
gxf5 gxf5 35. Bf4 e5 36. Nxe5+ Bxe5 37. Bxe5 Nxe5+ 38. dxe5 Kc6 39. Nd4+ Kxc5
40. Nxf5 Nc7 41. Nd4 a4 42. f4 Ne8 43. f5 1-0

[Event "33rd Leon Blitz Open 2020"]
[Site "chess.com INT"]
[Date "2020.07.14"]
[Round "3"]
[White "Ogloblin, Nikolay"]
[Black "Mchedlishvili, Mikheil"]
[Result "0-1"]
[WhiteTitle "IM"]
[BlackTitle "GM"]
[WhiteElo "2346"]
[BlackElo "2570"]
[WhiteFideId "4139658"]
[BlackFideId "13600966"]
[EventDate "2020.07.14"]
[EventType "blitz"]

1. d4 Nf6 2. Nf3 g6 3. c4 Bg7 4. Nc3 d5 5. Bg5 Ne4 6. cxd5 Nxg5 7. Nxg5 e6 8.
Nf3 exd5 9. e3 O-O 10. Be2 Re8 11. O-O a5 12. Ne1 c6 13. Nd3 Na6 14. Rc1 Bf5 15.
Na4 h5 16. Ndc5 Nxc5 17. Nxc5 Qb6 18. Qb3 Qxb3 19. axb3 Reb8 20. h3 h4 21. Bg4
Bxg4 22. hxg4 Bf8 23. Nd7 Rd8 24. Nxf8 Kxf8 25. f3 Ra6 26. Ra1 Rda8 27. Ra3 Rb6
28. Kf2 Kg7 29. Rfa1 Rb5 30. Ke2 Ra6 31. Kd3 g5 32. Kc2 Kg6 33. b4 Rxb4 34. Rxa5
Rc4+ 35. Kd2 Rb6 36. R1a2 Rcb4 37. Kc2 Rc4+ 38. Kd2 Rb3 39. R5a3 Rcb4 40. Rxb3
Rxb3 41. Ke2 f5 42. Kd2 Kf6 43. Ke2 b6 44. Kd2 c5 45. gxf5 cxd4 46. exd4 Kxf5
47. Ke2 Kf4 48. Kf2 Rd3 49. Ke2 Rxd4 50. Ra8 Rb4 51. Rf8+ Kg3 52. Rg8 Rxb2+ 53.
Ke3 d4+ 54. Kxd4 Kxg2 55. f4 Rb4+ 56. Ke3 Rb3+ 57. Ke4 h3 58. Rxg5+ Rg3 59. Rb5
h2 60. Rb2+ Kh3 61. Rb1 Rg1 62. Rb3+ Kh4 63. Rxb6 h1=Q+ 64. Ke5 Re1+ 65. Kf6 Qe4
66. f5 Qe7+ 67. Kg6 Rg1+ 68. Kh6 Qg7# 0-1

[Event "33rd Leon Blitz Open 2020"]
[Site "chess.com INT"]
[Date "2020.07.14"]
[Round "3"]
[White "Anton Guijarro, David"]
[Black "Bujisho, Benjamin"]
[Result "1/2-1/2"]
[WhiteTitle "GM"]
[BlackTitle "IM"]
[WhiteElo "2703"]
[BlackElo "2290"]
[WhiteFideId "2285525"]
[BlackFideId "608610"]
[EventDate "2020.07.14"]
[EventType "blitz"]

1. d4 d6 2. Nf3 f5 3. c4 Nf6 4. e3 g6 5. b4 Bg7 6. Be2 O-O 7. O-O e5 8. dxe5 Ng4
9. Bb2 Nxe5 10. Nc3 Nbc6 11. a3 Nxf3+ 12. Bxf3 Ne5 13. Be2 c6 14. Qc2 Be6 15.
Nb1 Qf6 16. Kh1 Qf7 17. Nd2 Rad8 18. Rac1 h5 19. h3 Kh7 20. f4 Nd7 21. Nf3 Kh8
22. Ng5 Qe7 23. Bxg7+ Kxg7 24. e4 Nf6 25. Bd3 fxe4 26. Bxe4 Bf7 27. Rce1 Nxe4
28. Nxe4 Bg8 29. Qc3+ Kh6 30. Ng5 Qf6 31. Qxf6 Rxf6 32. Re7 Rdf8 33. g3 h4 34.
Kg2 hxg3 35. Kxg3 Rb8 36. h4 Rff8 37. Rfe1 d5 38. cxd5 cxd5 39. Rd7 Rbe8 40.
Rxe8 Rxe8 41. Rxb7 Re3+ 42. Kg4 Rxa3 43. Rb8 Kg7 44. f5 gxf5+ 45. Kxf5 Ra1 46.
h5 Rf1+ 47. Ke5 Re1+ 48. Kf5 Rf1+ 49. Ke5 Re1+ 50. Kf5 Rf1+ 1/2-1/2

[Event "33rd Leon Blitz Open 2020"]
[Site "chess.com INT"]
[Date "2020.07.14"]
[Round "3"]
[White "Pranav, Anand"]
[Black "Kuzubov, Yuriy"]
[Result "0-1"]
[WhiteTitle "FM"]
[BlackTitle "GM"]
[WhiteElo "2381"]
[BlackElo "2643"]
[WhiteFideId "46626786"]
[BlackFideId "14112906"]
[EventDate "2020.07.14"]
[EventType "blitz"]

1. d4 Nf6 2. Nf3 e6 3. c4 d5 4. Nc3 Nbd7 5. g3 c6 6. Bg2 Be7 7. O-O O-O 8. Qd3
b6 9. b3 a5 10. e4 Ba6 11. Bb2 a4 12. e5 Ne8 13. Rac1 b5 14. Nd2 bxc4 15. bxc4
Nb6 16. Nd1 Rb8 17. Ba1 Nxc4 18. Nxc4 Bxc4 19. Rxc4 dxc4 20. Qxc4 a3 21. Ne3 Qb6
22. Qc2 Nc7 23. Nc4 Qa7 24. Bxc6 Rfc8 25. Bd7 Rd8 26. Bc6 Nb5 27. d5 exd5 28.
Ne3 Nd4 29. Bxd4 Qxd4 30. Qf5 g6 31. Qf3 Qxe5 32. Bxd5 Qf6 33. Qe4 Bc5 34. Ng4
Qg7 35. Bc4 Kh8 36. Ne5 Re8 37. Qd5 Qxe5 38. Qd7 Qd4 39. Qxf7 Rf8 40. Qe6 Rxf2
41. Kh1 Rxf1+ 42. Bxf1 Rf8 43. Bc4 Qg1# 0-1

[Event "33rd Leon Blitz Open 2020"]
[Site "chess.com INT"]
[Date "2020.07.14"]
[Round "3"]
[White "Seul, Georg"]
[Black "Aravindh, Chithambaram VR."]
[Result "0-1"]
[WhiteTitle "IM"]
[BlackTitle "GM"]
[WhiteElo "2372"]
[BlackElo "2641"]
[WhiteFideId "4601653"]
[BlackFideId "5072786"]
[EventDate "2020.07.14"]
[EventType "blitz"]

1. e4 c5 2. d3 Nc6 3. f4 d5 4. Be2 e6 5. Nf3 Nf6 6. e5 Nd7 7. c3 Be7 8. d4 O-O
9. Be3 Qb6 10. Qd2 f6 11. O-O fxe5 12. fxe5 Na5 13. Na3 cxd4 14. cxd4 Bxa3 15.
bxa3 Nc4 16. Bxc4 dxc4 17. d5 Qa6 18. Ng5 Rxf1+ 19. Rxf1 Nxe5 20. Qd4 Ng6 21.
Rf7 e5 22. Qc5 Qb6 23. Qxc8+ Rxc8 24. Bxb6 axb6 25. d6 h6 26. Rc7 Rxc7 27. dxc7
Ne7 28. Ne4 Nc8 29. Kf2 Kf7 30. Ke3 Ke6 31. Nc3 Kd6 32. Ke4 Kxc7 33. Kxe5 Kc6
34. a4 Kc5 35. a3 Nd6 36. h4 h5 0-1

[Event "33rd Leon Blitz Open 2020"]
[Site "chess.com INT"]
[Date "2020.07.14"]
[Round "3"]
[White "Arribas Lopez, Angel"]
[Black "Gavilan Diaz, Mario"]
[Result "1-0"]
[WhiteTitle "GM"]
[BlackTitle "FM"]
[WhiteElo "2434"]
[BlackElo "2278"]
[WhiteFideId "2283352"]
[BlackFideId "2260905"]
[EventDate "2020.07.14"]
[EventType "blitz"]

1. e4 c5 2. Nc3 d6 3. Nge2 a6 4. g3 b5 5. Bg2 Bb7 6. O-O b4 7. Nd5 e6 8. Ne3 Nf6
9. d3 Nbd7 10. f4 Qc7 11. g4 h6 12. a3 a5 13. Ng3 g5 14. fxg5 hxg5 15. Nc4 Rg8
16. Nh5 Nxh5 17. gxh5 Be7 18. h6 Nf8 19. Qh5 Ng6 20. Bxg5 Qd8 21. h7 Rh8 22.
Rxf7 Kxf7 23. Rf1+ Ke8 24. Qxg6+ Kd7 25. Bxe7 Qxe7 26. Rf7 Rae8 27. Bh3 Kc7 28.
Rxe7+ Rxe7 29. Qg3 e5 30. Ne3 Rexh7 31. Bf5 Rh4 32. Ng2 R4h6 33. Qg7+ Kb6 34. h4
Bc6 35. Bg6 Bb7 36. h5 Bc6 37. Ne3 1-0

[Event "33rd Leon Blitz Open 2020"]
[Site "chess.com INT"]
[Date "2020.07.14"]
[Round "3"]
[White "Lintchevski, Daniil"]
[Black "Ajay, Karthikeyan"]
[Result "1-0"]
[WhiteTitle "GM"]
[BlackTitle "FM"]
[WhiteElo "2559"]
[BlackElo "2315"]
[WhiteFideId "4171055"]
[BlackFideId "35011685"]
[EventDate "2020.07.14"]
[EventType "blitz"]

1. e4 c5 2. Nf3 g6 3. c3 Nf6 4. e5 Nd5 5. d4 cxd4 6. Qb3 Nb6 7. Ng5 d5 8. exd6
e6 9. Ne4 Bxd6 10. Bb5+ Nc6 11. O-O O-O 12. Bxc6 bxc6 13. Nxd6 Qxd6 14. Bh6 Re8
15. Nd2 Qd5 16. cxd4 Ba6 17. Rfc1 Rac8 18. Qf3 Qxf3 19. Nxf3 f6 20. h4 Kf7 21.
Rc5 Bb5 22. b3 Nd7 23. Rc3 Be2 24. Nd2 c5 25. Ne4 Ke7 26. dxc5 Rc7 27. Re1 Ba6
28. b4 e5 29. f4 Rb8 30. a3 f5 31. Bg5+ Ke6 32. Nd2 e4 33. Nb3 Kf7 34. Nd4 Bd3
35. Kf2 Nb6 36. Rxd3 exd3 37. cxb6 Rd7 38. bxa7 Ra8 39. Nc6 d2 40. Rd1 Ke6 41.
b5 Rd6 42. Ke3 Kd7 43. Rxd2 Re8+ 44. Be7 1-0

[Event "33rd Leon Blitz Open 2020"]
[Site "chess.com INT"]
[Date "2020.07.14"]
[Round "3"]
[White "Eswaran, Aksithi"]
[Black "Sarkar, Justin"]
[Result "1/2-1/2"]
[WhiteTitle "WCM"]
[BlackTitle "IM"]
[WhiteElo "1745"]
[BlackElo "2380"]
[WhiteFideId "2083485"]
[BlackFideId "2010011"]
[EventDate "2020.07.14"]
[EventType "blitz"]

1. e4 e5 2. Nf3 Nc6 3. Bc4 Nf6 4. d3 Be7 5. O-O O-O 6. Nbd2 d6 7. c3 Bg4 8. h3
Bh5 9. Re1 Nd7 10. Nf1 Kh8 11. Ng3 Bg6 12. Bb3 Nc5 13. Bc2 Ne6 14. d4 exd4 15.
cxd4 d5 16. exd5 Bxc2 17. Qxc2 Qxd5 18. Be3 g6 19. Rad1 Nb4 20. Qd2 Nxa2 21. Bh6
Rfd8 22. Ne5 Nxd4 23. Qf4 f6 24. Nxg6+ hxg6 25. Rxe7 Ne2+ 26. Nxe2 Qxd1+ 27. Kh2
Qd6 28. Qxd6 Rxd6 29. Nf4 f5 30. Rxc7 Re8 31. Rxb7 a5 32. Ra7 Nb4 33. Rxa5 Nd3
34. Ra7 Nxf4 35. Bxf4 Rde6 36. b4 R8e7 37. Ra8+ Re8 38. Ra7 R8e7 39. Ra8+ Re8
40. Ra7 1/2-1/2

[Event "33rd Leon Blitz Open 2020"]
[Site "chess.com INT"]
[Date "2020.07.14"]
[Round "3"]
[White "Kobalia, Mikhail"]
[Black "Hejazipour, Mitra"]
[Result "1-0"]
[WhiteTitle "GM"]
[BlackTitle "WGM"]
[WhiteElo "2614"]
[BlackElo "2300"]
[WhiteFideId "4119150"]
[BlackFideId "12505951"]
[EventDate "2020.07.14"]
[EventType "blitz"]

1. e4 c5 2. Nf3 d6 3. Bb5+ Nd7 4. O-O a6 5. Bd3 Ngf6 6. c3 e5 7. Bc2 Be7 8. d4
b5 9. Qe2 O-O 10. Rd1 cxd4 11. cxd4 Qc7 12. a3 Nb6 13. Nc3 Bg4 14. h3 Bh5 15.
Bb3 Rac8 16. Bg5 h6 17. Bh4 Qb8 18. Rac1 Rfe8 19. Bg3 Nfd7 20. dxe5 Nxe5 21.
Bxe5 dxe5 22. Nd5 Bg5 23. Rxc8 Rxc8 24. g4 Nxd5 25. Rxd5 Bg6 26. Nxe5 Rc1+ 27.
Kg2 Kh7 28. Nxg6 fxg6 29. e5 Qf8 30. Qf3 Qxf3+ 31. Kxf3 Rb1 32. e6 Rxb2 33. Rxg5
Rxb3+ 34. Kg2 Kg8 35. Rxg6 Rxa3 36. e7 Kf7 37. Rxg7+ Ke8 38. h4 b4 39. g5 hxg5
40. h5 b3 41. h6 Ra4 42. h7 Rh4 43. Rg8+ Kxe7 44. h8=Q Rxh8 45. Rxh8 a5 46. Rb8
a4 47. Rb4 Kd6 48. Rxa4 Kc5 49. Ra8 Kc4 50. Rb8 Kc3 51. Kg3 b2 52. Kg4 Kc2 53.
Kxg5 b1=Q 54. Rxb1 Kxb1 55. f4 1-0

[Event "33rd Leon Blitz Open 2020"]
[Site "chess.com INT"]
[Date "2020.07.14"]
[Round "3"]
[White "Asadli, Vugar"]
[Black "Hovhannisyan, Robert"]
[Result "0-1"]
[WhiteTitle "GM"]
[BlackTitle "GM"]
[WhiteElo "2572"]
[BlackElo "2642"]
[WhiteFideId "13405764"]
[BlackFideId "13302507"]
[EventDate "2020.07.14"]
[EventType "blitz"]

1. e4 e5 2. Nf3 Nc6 3. Bc4 Bc5 4. c3 Nf6 5. d3 d6 6. O-O O-O 7. Bb3 a5 8. Be3
Bxe3 9. fxe3 Be6 10. Nbd2 Bxb3 11. axb3 d5 12. exd5 Qxd5 13. d4 Rfe8 14. Kh1
Rad8 15. c4 Qd6 16. d5 e4 17. Nh4 Ne7 18. Nf5 Nxf5 19. Rxf5 b6 20. g4 Re5 21.
Rf4 Nxd5 22. Nxe4 Qe7 23. cxd5 Rxe4 24. Qd3 Rxe3 25. Qf5 Re5 26. Qc2 Rexd5 27.
Raf1 f6 28. Qc4 Qc5 29. Qe4 Re5 30. Qb7 Qd5+ 31. Qxd5+ Rdxd5 32. b4 axb4 33.
Rxb4 Rb5 34. Rc4 c5 35. Rf2 Rb3 36. Rd2 h5 37. gxh5 Rxh5 38. Rg4 Kh7 39. Rd7 Rg5
40. Rxg5 fxg5 41. Rd2 Kh6 42. Kg2 g4 43. Re2 Kh5 44. Rf2 Kh4 45. Re2 c4 46. Rc2
b5 47. Rd2 b4 48. Rc2 c3 49. bxc3 Rxc3 0-1

[Event "33rd Leon Blitz Open 2020"]
[Site "chess.com INT"]
[Date "2020.07.14"]
[Round "3"]
[White "Sliwicki, Damian"]
[Black "Sadhwani, Raunak"]
[Result "1-0"]
[WhiteTitle "CM"]
[BlackTitle "GM"]
[WhiteElo "2180"]
[BlackElo "2545"]
[WhiteFideId "1127128"]
[BlackFideId "35093487"]
[EventDate "2020.07.14"]
[EventType "blitz"]

1. e4 c6 2. Nc3 d5 3. Nf3 dxe4 4. Nxe4 Nf6 5. Qe2 Na6 6. Nxf6+ gxf6 7. d4 Nc7 8.
Bd2 Bg4 9. O-O-O Qd7 10. h3 Be6 11. Kb1 b5 12. Ne1 Bc4 13. Qf3 Bd5 14. Qg3 Ne6
15. Nd3 h5 16. f4 h4 17. Qf2 Ng7 18. Nc5 Qc8 19. Bd3 f5 20. Rhe1 e6 21. b3 a5
22. c4 bxc4 23. bxc4 Bxc5 24. dxc5 Be4 25. Bxe4 fxe4 26. Bc3 f5 27. Bxg7 Qb7+
28. Bb2 a4 29. a3 Qb3 30. Qd4 Rh7 31. Re3 Qb7 32. Ka2 Rb8 33. Qf6 Qe7 34. Qxe7+
Rxe7 35. Rd6 Kf7 36. Rxc6 Reb7 37. Re2 Rb3 38. Ra6 e3 39. Ra7+ Kg6 40. Bd4 Rd3
41. Rd7 Rbb3 42. Rxe3 Rxa3+ 43. Kb2 Rxd4 44. Rxe6+ Kh5 45. Rh7# 1-0

[Event "33rd Leon Blitz Open 2020"]
[Site "chess.com INT"]
[Date "2020.07.14"]
[Round "3"]
[White "Lysyj, Igor"]
[Black "Salinas Herrera, Pablo"]
[Result "1-0"]
[WhiteTitle "GM"]
[BlackTitle "GM"]
[WhiteElo "2594"]
[BlackElo "2514"]
[WhiteFideId "4150120"]
[BlackFideId "3407128"]
[EventDate "2020.07.14"]
[EventType "blitz"]

1. d4 d5 2. c4 c6 3. Nf3 Nf6 4. g3 Bf5 5. Nc3 e6 6. Nh4 dxc4 7. Nxf5 exf5 8. e3
Bd6 9. Bxc4 Qe7 10. Qf3 g6 11. h3 h5 12. Bd2 Nbd7 13. O-O-O O-O-O 14. Bb3 Kb8
15. Kb1 Nb6 16. Qg2 Ka8 17. f3 Bc7 18. Bc1 Rhe8 19. Rhe1 Nfd5 20. e4 fxe4 21.
fxe4 Nxc3+ 22. bxc3 f6 23. g4 hxg4 24. Qxg4 Qh7 25. Rf1 g5 26. Bc2 Qh8 27. Rf3
Rf8 28. Rdf1 c5 29. dxc5 Nc4 30. Qe6 Nd2+ 31. Bxd2 Rxd2 32. Rxf6 Rfd8 33. c6 b6
34. Qc4 Qxh3 35. Rf8 Qc8 36. Rxd8 Rxd8 37. Rf7 g4 38. e5 Kb8 39. e6 Re8 40. Bf5
Qd8 41. Rd7 Qh4 42. Qa6 Qe1+ 43. Kb2 Qe2+ 44. Qxe2 1-0

[Event "33rd Leon Blitz Open 2020"]
[Site "chess.com INT"]
[Date "2020.07.14"]
[Round "3"]
[White "Divya, Deshmukh"]
[Black "Sankalp, Gupta"]
[Result "0-1"]
[WhiteTitle "WIM"]
[BlackTitle "IM"]
[WhiteElo "2305"]
[BlackElo "2429"]
[WhiteFideId "35006916"]
[BlackFideId "5097010"]
[EventDate "2020.07.14"]
[EventType "blitz"]

1. e4 e6 2. d4 d5 3. exd5 exd5 4. Bd3 Nc6 5. c3 Bd6 6. Ne2 Nge7 7. O-O Bg4 8. f3
Bh5 9. Bf4 Bg6 10. a4 Qd7 11. a5 O-O 12. a6 b6 13. Na3 Rfe8 14. Nb5 Bxd3 15.
Qxd3 Bxf4 16. Nxf4 Nd8 17. c4 c6 18. Nc3 Ne6 19. Nxe6 Qxe6 20. cxd5 Nxd5 21. Ne4
Rad8 22. Kh1 Qg6 23. Rf2 Nf4 24. Qc3 f5 25. Ng3 Qe6 26. h3 g6 27. Rc1 Rd6 28.
Rfc2 Red8 29. Kh2 h5 30. Nf1 Ne2 31. Qe3 Qxe3 32. Nxe3 Nxc1 33. Rxc1 Re8 34. Nc2
c5 35. dxc5 bxc5 36. Ne1 Rd2 37. Kg1 Rxb2 38. Kf1 Rc8 39. Rc4 Rb4 40. Rc3 c4 41.
Nd3 Rb3 0-1

[Event "33rd Leon Blitz Open 2020"]
[Site "chess.com INT"]
[Date "2020.07.14"]
[Round "3"]
[White "Tsvetkov, Andrey"]
[Black "Vovk, Orest"]
[Result "1-0"]
[WhiteTitle "FM"]
[BlackTitle "FM"]
[WhiteElo "2358"]
[BlackElo "2315"]
[WhiteFideId "34139360"]
[BlackFideId "14113490"]
[EventDate "2020.07.14"]
[EventType "blitz"]

1. d4 h6 2. e4 g5 3. Be3 Bg7 4. c3 d5 5. e5 c5 6. h4 Nc6 7. hxg5 Qb6 8. gxh6
Nxh6 9. Na3 Qxb2 10. Nb5 cxd4 11. cxd4 Kd8 12. Qc1 Qxc1+ 13. Rxc1 Nf5 14. Rxh8+
Bxh8 15. Bd3 a6 16. Bxf5 axb5 17. Bxc8 Kxc8 18. Ne2 b4 19. Rc2 e6 20. Nc1 Ra3
21. Ke2 Bg7 22. Nd3 Bf8 23. f4 Rc3 24. Rxc3 bxc3 25. Kd1 b5 26. Kc2 b4 27. g4
Na5 28. f5 Nc4 29. Bc1 Kd7 30. Kb3 exf5 31. gxf5 Na5+ 32. Ka4 Nc6 33. Be3 Ne7
34. f6 Nf5 35. Bf2 Kc6 36. Kb3 Kb5 37. Nf4 Kc6 38. e6 fxe6 39. Nxe6 Bd6 40. f7 1-0

[Event "33rd Leon Blitz Open 2020"]
[Site "chess.com INT"]
[Date "2020.07.14"]
[Round "3"]
[White "Bodnar, Nikolay"]
[Black "Tang, Andrew"]
[Result "0-1"]
[WhiteTitle "IM"]
[BlackTitle "GM"]
[WhiteElo "2424"]
[BlackElo "2538"]
[WhiteFideId "14106469"]
[BlackFideId "2059630"]
[EventDate "2020.07.14"]
[EventType "blitz"]

1. e4 e5 2. Nf3 Nc6 3. Bc4 Bc5 4. c3 Nf6 5. d3 a6 6. O-O Ba7 7. h3 O-O 8. Re1 d6
9. a4 Be6 10. Bxe6 fxe6 11. d4 Nh5 12. Be3 Qf6 13. b4 exd4 14. cxd4 Nxb4 15. Qb3
a5 16. Nbd2 d5 17. Ne5 Nf4 18. Nd7 Qg6 19. Bxf4 Rxf4 20. Qe3 Qh6 21. Rac1 Rf7
22. Qxh6 gxh6 23. Ne5 Rg7 24. Nb3 c6 25. exd5 exd5 26. Ng4 Nd3 27. Nxh6+ Kh8 28.
Nf5 Rf7 29. g4 Nxc1 30. Nxc1 Bb6 31. Nd3 Bc7 32. Re6 Rb8 33. Kg2 Rbf8 34. Nc5
Bb6 35. Nd3 Rxf5 36. gxf5 Bxd4 37. Re7 b6 38. Re6 Rf6 39. Ne5 Bxe5 40. Rxe5 d4
41. Kf3 Rd6 42. Re6 Rxe6 43. fxe6 Kg7 44. Ke4 Kf6 0-1

[Event "33rd Leon Blitz Open 2020"]
[Site "chess.com INT"]
[Date "2020.07.14"]
[Round "3"]
[White "Rojas Salas, Steven"]
[Black "Swayams, Mishra"]
[Result "0-1"]
[WhiteTitle "FM"]
[BlackTitle "GM"]
[WhiteElo "2194"]
[BlackElo "2489"]
[WhiteFideId "3819434"]
[BlackFideId "5028183"]
[EventDate "2020.07.14"]
[EventType "blitz"]

1. c4 b6 2. Nc3 Bb7 3. e4 e6 4. d4 Bb4 5. Qc2 Nc6 6. Be3 e5 7. Ne2 exd4 8. Nxd4
Nf6 9. f3 O-O 10. Nxc6 Bxc6 11. O-O-O Qe7 12. Bd3 a5 13. g4 a4 14. a3 Bc5 15.
Bg5 h6 16. Bh4 Be3+ 17. Kb1 Qe5 18. Rhe1 Bg5 19. Bg3 Bf4 20. Ne2 Bxg3 21. hxg3
d6 22. f4 Qc5 23. g5 hxg5 24. Nc3 Rfe8 25. e5 dxe5 26. fxg5 e4 27. Be2 Qxg5 28.
Nd5 Nxd5 29. cxd5 Bxd5 30. Qxc7 Rac8 31. Qxb6 Bb3 32. Rd7 e3 33. Ka1 Qxg3 34.
Qb4 Rc2 35. Bh5 Qh2 36. Rb1 Qxh5 37. Rdd1 e2 38. Re1 Qf3 39. Rg1 Qf6 40. Qb5 Qe5
41. Qb4 Be6 42. Qxa4 Qd5 43. b3 Qe5+ 44. Rb2 Qxb2# 0-1

[Event "33rd Leon Blitz Open 2020"]
[Site "chess.com INT"]
[Date "2020.07.14"]
[Round "3"]
[White "Tanaka, Taira Tyler"]
[Black "Shtembuliak, Evgeny"]
[Result "0-1"]
[WhiteTitle "CM"]
[BlackTitle "GM"]
[WhiteElo "2107"]
[BlackElo "2620"]
[WhiteFideId "7002351"]
[BlackFideId "14113325"]
[EventDate "2020.07.14"]
[EventType "blitz"]

1. e4 g6 2. d4 Bg7 3. Nc3 d6 4. Bg5 c6 5. Nf3 Nd7 6. Qd2 b5 7. Bd3 Qb6 8. Ne2
Ngf6 9. c3 e5 10. h3 O-O 11. O-O Bb7 12. Be3 Qc7 13. a4 a6 14. Ra3 Rfe8 15. Ng3
Rad8 16. axb5 axb5 17. Qc2 d5 18. dxe5 Nxe4 19. Nxe4 dxe4 20. Bxe4 Nxe5 21. Raa1
Nc4 22. Bd4 c5 23. Bxb7 cxd4 24. Ba6 dxc3 25. Bxb5 cxb2 26. Ra4 Qb8 27. Bxe8 Nb6
28. Bb5 Nxa4 29. Bxa4 Qb4 30. Bb3 Rb8 31. Ba2 Ra8 32. Bb3 Bf6 33. Nd2 Ra1 34.
Rb1 Bc3 35. Ne4 Rxb1+ 36. Qxb1 Qxb3 37. Kh2 Be5+ 38. g3 Qc4 39. Nd2 Qc1 40. Qd3
Bc3 41. Qd8+ Kg7 42. Nb3 Qc2 43. Qb6 b1=Q 0-1

[Event "33rd Leon Blitz Open 2020"]
[Site "chess.com INT"]
[Date "2020.07.14"]
[Round "3"]
[White "Tronenkovs, Valdis"]
[Black "Azaladze, Shota"]
[Result "0-1"]
[WhiteTitle "FM"]
[BlackTitle "IM"]
[WhiteElo "2265"]
[BlackElo "2439"]
[WhiteFideId "11601558"]
[BlackFideId "13603027"]
[EventDate "2020.07.14"]
[EventType "blitz"]

1. e4 g6 2. d4 Bg7 3. Nc3 c6 4. Nf3 d6 5. Bc4 b5 6. Bb3 a6 7. O-O e6 8. a4 b4 9.
Ne2 a5 10. c3 bxc3 11. bxc3 Nf6 12. e5 dxe5 13. Ba3 e4 14. Ne5 Bf8 15. Bxf8 Kxf8
16. f3 e3 17. Qd3 Nd5 18. Bxd5 cxd5 19. Qxe3 Ba6 20. Rfb1 Nd7 21. Nf4 Nf6 22.
Nxf7 Kxf7 23. Qxe6+ Kg7 24. Qe5 Re8 25. Ne6+ Rxe6 26. Qxe6 Qd7 27. Qxd7+ Nxd7
28. Re1 Kf7 29. Rab1 Ra7 30. Re3 Rc7 31. Kf2 Rc4 32. Rbe1 Bc8 33. Re7+ Kg8 34.
Re8+ Kg7 35. R1e7+ Kh6 36. Rh8 Nf6 37. Rf7 Kg5 38. h4+ Kf5 39. g4+ Ke6 40. Rhf8
Nd7 41. Rxc8 Rxc8 42. Rxh7 Rxc3 43. Rh6 Kf7 44. Rh7+ Ke6 45. Rh6 Nf8 46. h5 Kf6
47. hxg6 Kg7 48. Rh5 Rc4 49. Rxd5 Rxa4 50. f4 Nxg6 51. Kf3 Ra1 52. Rd7+ Kf6 53.
g5+ Ke6 54. Ra7 Ne7 55. Ra6+ Kd5 56. Ra7 Nc6 57. Rd7+ Ke6 58. Rc7 Kd6 59. Rb7 a4
60. Ke4 a3 61. Rb6 Re1+ 62. Kf5 a2 0-1